Campos de Castilla / (Registro nro. 8668)
[ vista simple ]
| 000 -LIDER | |
|---|---|
| fixed length control field | 00960nam a22003137a 4500 |
| 001 - NÚMERO DE CONTROL | |
| Identificador de número de control | 0074 |
| 003 - IDENTIFICACDOR DE NÚMERO DE CONTROL | |
| control field | DO-SdBNP |
| 005 - DATE AND TIME OF LATEST TRANSACTION | |
| control field | 20251014141731.0 |
| 007 - CAMPOS FIJOS DE DESCRIPCIÓN FÍSICA | |
| fixed length control field | 0074 |
| 008 - ELEMENTOS DE LONGITUD FIJA | |
| fixed length control field | 151112b1978 sp | 00| 0 spa d |
| 020 ## - ISBN | |
| International Standard Book Number | 8437600162 |
| 040 ## - FUENTE DE CATALOGACIÓN | |
| Agencia que crea de manera original el registro | BPMSU |
| Idioma de catalogación | spa |
| Agencia que realiza la transcripción | BPMSU |
| 082 #4 - NÚMERO DE CLASIFICACIÓN DECIMAL DE DEWEY | |
| Classification number | 861.5 |
| Item number | M149c 1978 |
| Edition number | 22 |
| 100 1# - ASIENTO PRINCIPAL -- NOMBRE PERSONAL | |
| Nombre personal | Machado, Antonio |
| Fechas asociadas con el nombre | 1875-1939. |
| 245 10 - MENCIÓN DE TITULO | |
| Título | Campos de Castilla / |
| Mención de responsabilidad | Antonio Machado ; edición José Luis Cano |
| 250 ## - MENCIÓN DE EDICION | |
| Mención de edición | 5a ed. |
| 260 ## - PUBLICACIÓN, DISTRIBUCIÓN, ETC. (PIE DE IMPRENTA) | |
| Lugar de publicación, distribución, etc | Madrid, España : |
| Nombre del editor, distribuidor, etc. | Ediciones Cátedra, |
| Fecha de publicación, distribución, etc | 1978. |
| 300 ## - DESCRIPCIÓN FÍSICA | |
| Extensión | 183 p. ; |
| Dimensiones | 18 cm. |
| 490 0# - MENCIÓN DE SERIES | |
| Mención de serie | Letras hispánicas, |
| Volume/sequential designation | 10 |
| 504 ## - NOTA DE BIBLIOGRAFÍA, ETC. | |
| Bibliography, etc | Incluye referencias bibliográficas y notas al pie de las páginas |
| 504 ## - NOTA DE BIBLIOGRAFÍA, ETC. | |
| Bibliography, etc | Bibliografías : p. 29-35 |
| 590 ## - NOTA LOCAL | |
| Texto de la nota local | Inventariado, 2023/VM |
| 650 #4 - ENCABEZAMIENTO DE MATERIA--TEMÁTICO | |
| Término temático o nombre geográfico como elemento de entrada | Poesía española. |
| 650 #4 - ENCABEZAMIENTO DE MATERIA--TEMÁTICO | |
| Término temático o nombre geográfico como elemento de entrada | Paisajes |
| Subdivisión de forma | Poesías |
| 650 #4 - ENCABEZAMIENTO DE MATERIA--TEMÁTICO | |
| Término temático o nombre geográfico como elemento de entrada | Problemas sociales |
| Subdivisión de forma | Poesías |
| 700 1# - ASIENTO SECUNDARIO -- NOMBRE PERSONAL | |
| Nombre personal | Cano, José Luis, |
| Materiales especificados | ed. |
| 910 ## - VALIDACIÓN | |
| Validación | VMateo V. Control de calidad BPMSU |
| 942 ## - ADDED ENTRY ELEMENTS (KOHA) | |
| Source of classification or shelving scheme | Dewey Decimal Classification |
| Koha item type | Libros |
| Withdrawn status | Lost status | Source of classification or shelving scheme | Damaged status | Not for loan | Collection code | Home library | Current library | Date acquired | Source of acquisition | Full call number | Barcode | Date last seen | Price effective from | Koha item type |
|---|---|---|---|---|---|---|---|---|---|---|---|---|---|---|
| Dewey Decimal Classification | Colección General | Biblioteca Pública Metropolitana Salomé Ureña | Biblioteca Pública Metropolitana Salomé Ureña | 11/12/2015 | Donación | BPMSU CG 861.5 M149c 1978 | BPMSU15110218 | 11/12/2015 | 11/12/2015 | Libros |